000 01657nam a2200397 i 4500
001 ELB242243
003 FINmELB
005 20250326043619.0
006 m o u
007 cr cn|||||||||
008 231120s2022 ck a ob 000 0 spa d
020 _z9789585120266
035 _a(OCoLC)1410391828
040 _aFINmELB
_bspa
_erda
_cFINmELB
050 1 4 _aLC148
_bD451 2022
080 _a371.212.8
082 0 4 _a370.72
_223
245 0 0 _aDeserción universitaria /
_cautores, Ana Emilce Jiménez González [y otros 8] ; editoras, Claudia Patricia Navarro Roldán, Paola Andrea Reyes Parra.
264 1 _aTunja, Boyacá :
_bUniversidad de Boyacá,
_c2022.
300 _a1 recurso en línea (234 páginas) :
_bilustraciones
336 _atexto
_btxt
_2rdamedia/spa
337 _acomputadora
_bc
_2rdamedia/spa
338 _arecurso en línea
_bcr
_2rdacarrier/spa
504 _aContiene bibliografía.
588 _aDescripción basada en metadatos suministrados por el editor y otras fuentes.
590 _aRecurso electrónico. Santa Fe, Arg.: elibro, 2021. Disponible vía World Wide Web. El acceso puede estar limitado para las bibliotecas afiliadas a elibro.
650 4 _aDeserción universitaria.
650 4 _aEstudiantes universitarios
_xInvestigaciones
_zColombia.
650 4 _aCalidad de la educación
_xInvestigaciones
_zColombia.
655 4 _aLibros electrónicos.
700 1 _aJiménez González, Ana Emilce,
_eautor.
700 1 _aNavarro Roldán, Claudia Patricia,
_eeditor.
700 1 _aReyes Parra, Paola Andrea,
_eeditor.
797 2 _aelibro, Corp.
856 4 0 _uhttps://elibro.net/ereader/usam/242243
999 _c149540
_d149540